000 00923cad a22001935a 4500
001 L158120
008 140709s2014 xxk f 000 0 eng d
035 _a(Sirsi) u158120
041 0 _aeng
110 2 _aUnited Kingdom
_bDepartment for Communities and Local Government
_94939
245 0 0 _aCustom Build Serviced Plots Loan Fund
_bProspectus
260 _aLondon
_bDCLG $2 014
520 _aMore support for people who want to build their own home. Details of how to access a loan fund which will help to address the challenges that custom builders face and provide finance for the development of serviced plots of land.
590 _aKA
651 4 _aEngland
_y886-
690 _aPlanning and development
_96259
856 4 0 _uhttps://www.gov.uk/government/uploads/system/uploads/attachment_data/file/325730/140625_-__Custom_Build_SERVICED_PLOT_Prospectus.pdf
_zView the item free of charge at www.gov.uk
942 _n0
999 _c115154
_d115154